Mist and morning sunshine : the art & life of Terrick Williams /

Bibliographic Details
Main Author: Simon, Caroline
Format: Book
Language:English
Published: London : Whitford and Hughes, [1984]
Subjects:

MARC

Tag First Indicator Second Indicator Subfields
LEADER 00000cam a2200000 a 4500
001 in00000024868
005 20151007054427.0
008 850315s1984 enka b 00010beng d
020 |a 0950989606 
035 |a (OCoLC)11808792 
035 |9 AAB5026AM 
040 |a EUV  |c EUV  |d FUG  |d TXA  |d UtOrBLW 
043 |a e-uk-en 
049 |a TXAM  |c [A11053283] 
050 4 |a ND497.W6621  |b S54 1984 
100 1 |a Simon, Caroline. 
245 1 0 |a Mist and morning sunshine :  |b the art & life of Terrick Williams /  |c Caroline Simon. 
264 1 |a London :  |b Whitford and Hughes,  |c [1984] 
264 4 |c ©1984 
300 |a 80 pages :  |b illustrations (some color) ;  |c 29 cm. 
336 |a text  |b txt  |2 rdacontent 
337 |a unmediated  |b n  |2 rdamedia 
338 |a volume  |b nc  |2 rdacarrier 
500 |a "Published to coincide with the first showing of the artist's work since the Memorial Exhibition at the Fine Art Society in 1937"--Book jacket. 
504 |a Includes bibliographical references. 
600 1 0 |a Williams, Terrick,  |d 1860-1936. 
650 0 |a Painters  |z England  |v Biography. 
650 0 |a Painting, English. 
999 |a MARS 
999 f f |s 16109443-0207-3b80-8440-7431d74e41fb  |i 7c56b5ba-6c3d-3e03-b9fc-781c782822b1  |t 0 
952 f f |p ric  |a Texas A&M University  |b Rellis Campus  |c Joint Library Facility  |d Remote Storage  |t 0  |e ND497.W6621 S54 1984  |h Library of Congress classification  |i unmediated -- volume  |m A14811053283 
998 f f |a ND497.W6621 S54 1984  |t 0  |l Remote Storage